| 000 | 00911nam a22002417a 4500 | ||
|---|---|---|---|
| 005 | 20240530110608.0 | ||
| 008 | 150707s2013 jo aoj g b 000 0 ara d | ||
| 017 |
_a2012/9/3635 _bالاردن . رائرة المكتبة الوطنية . |
||
| 020 | _a9789957327163 . | ||
| 040 | _aEG-CaGPL | ||
| 082 | 0 | 4 |
_221 _a539,72 \ _bم ف |
| 100 | 0 | _aمحمد هاشم البشير محمد . | |
| 245 | 1 |
_aفيزياء النيوترينو و الجسيمات الاولية / _cمحمد هاشم البشير محمد . |
|
| 250 | _aط1 . | ||
| 260 |
_aالاردن : _bدار الحامد للنشر و التوزيع , _c2013 . |
||
| 300 |
_a94 ص ؛ _bايض _c24 سم . |
||
| 504 | _aيشتمل علي ببليوجرافيات . | ||
| 650 | 0 | 4 | _aالجسيمات . |
| 650 | 0 | 4 | _aالنيوترونات . |
| 650 | 0 | 4 | _aالذرات . |
| 942 |
_2ddc _cBK |
||
| 999 |
_c62798 _d62798 |
||